000 04049cgm a2200901Ma 4500
001 ocn939854393
003 OCoLC
005 20180912101301.0
007 vd cvaizq
008 140910p20142014cau098 g vleng d
040 _aKN4
_beng
_cKN4
_dOCLCO
_dOCLCQ
_dOCLCO
_dOCLCF
_dKK5
_dGRC
_dOCLCO
_dOCL
_dKK7
_dKC#
_dUINTA
019 _a988536303
_a1011811176
_a1014370934
_a1026471260
_a1039788256
_a1039789327
020 _a9786315615047
020 _a631561504X
024 1 _a025192214028
024 7 _a00025192214028
_2gtin-14
028 4 2 _a63129927
_bUniversal Studios Home Entertainment
035 _a(OCoLC)939854393
_z(OCoLC)988536303
_z(OCoLC)1011811176
_z(OCoLC)1014370934
_z(OCoLC)1026471260
_z(OCoLC)1039788256
_z(OCoLC)1039789327
041 1 _aeng
_afre
_aspa
_jeng
_jfre
_jspa
_heng
050 4 _aPN1997.2
082 0 4 _a791.43/72
_223
049 _aUCLB
245 0 0 _aBeethoven's treasure tail /
_cUniversal 1440 Entertainment presents ; produced by Albert T. Dickerson III ; written and directed by Ron Oliver.
246 3 _aBeethoven's 8th
246 3 _aBeethoven's eighth
250 _aWidescreen (1.78:1).
260 _aUniversal City, CA :
_bUniversal Studios Home Entertainment,
_c[2014]
300 _a1 videodisc (98 min.) :
_bsound, color ;
_c4 3/4 in.
336 _atwo-dimensional moving image
337 _avideo
338 _avideodisc
344 _adigital
_boptical
_2rda
346 _alaser optical
_bNTSC
_2rda
_3DVD
347 _avideo file
_bDVD video
_2rda
538 _aDVD, region 1, NTSC; Dolby digital 5.1.
546 _aEnglish, French or Spanish dialogue, English SDH (subtitles for the deaf and hard of hearing), French or Spanish subtitles.
511 1 _aKristy Swanson, Morgan Fairchild, Bretton Manley, Jonathan Silverman.
508 _aMusic, Chris Hajian, editor, Heath Ryan.
500 _aBased on the character created by John Hughes as Edmond Dant�es.
500 _aOriginally released as a motion picture in 2014.
521 8 _aMPAA rating: PG; for mild crude humor and peril.
520 _aAfter everyone's favorite St. Bernard gets fired from a movie, Beethoven begins the long journey home with his trainer, Eddie. On their way, they become stranded in a small coastal town where the beloved canine befriends a young boy who is searching for buried treasure.
600 1 0 _aDantes, Edmond,
_d1950-2009
_vFilm and video adaptations.
650 0 _aBeethoven (Fictitious character : Hughes)
_vDrama.
650 0 _aSaint Bernard dog
_vDrama.
650 0 _aDogs
_vDrama.
650 0 _aTreasure troves
_vDrama.
650 0 _aComedy films.
650 0 _aFeature films.
650 0 _aChildren's films.
650 0 _aFilm adaptations.
650 0 _aFilm sequels.
600 1 7 _aDantes, Edmond,
_d1950-2009.
_2fast
_0(OCoLC)fst01964346
650 7 _aBeethoven (Fictitious character : Hughes)
_2fast
_0(OCoLC)fst00829830
650 7 _aChildren's films.
_2fast
_0(OCoLC)fst00855771
650 7 _aComedy films.
_2fast
_0(OCoLC)fst00869095
650 7 _aDogs.
_2fast
_0(OCoLC)fst00896265
650 7 _aFeature films.
_2fast
_0(OCoLC)fst00922105
650 7 _aFilm adaptations.
_2fast
_0(OCoLC)fst00924250
650 7 _aFilm sequels.
_2fast
_0(OCoLC)fst01715955
650 7 _aSaint Bernard dog.
_2fast
_0(OCoLC)fst01103597
650 7 _aTreasure troves.
_2fast
_0(OCoLC)fst01431639
655 7 _aFeature films.
_2fast
_0(OCoLC)fst01710384
655 7 _aDrama.
_2fast
_0(OCoLC)fst01423879
655 7 _aFilm adaptations.
_2fast
_0(OCoLC)fst01710491
655 7 _aFeature films.
_2lcgft
700 1 _aOliver, Ron
_c(Film director)
700 1 _aSwanson, Kristy.
700 1 _aFairchild, Morgan.
700 1 _aManley, Bretton.
700 1 _aSilverman, Jonathan,
_d1966-
700 1 _aHajian, Chris.
700 1 _aDantes, Edmond,
_d1950-2009.
700 1 _aDantes, Edmond,
_d1950-2009.
_tBeethoven.
710 2 _aUniversal 1440 Entertainment (Firm)
710 2 _aUniversal Studios Home Entertainment (Firm)
994 _aC0
_bUINTA
999 _c236383
_d236383